| 000 | 02537cam a2200301Ii 4500 | ||
|---|---|---|---|
| 999 |
_c9217 _d9217 |
||
| 001 | 233549498 | ||
| 003 | OCoLC | ||
| 005 | 20241126110707.0 | ||
| 008 | 080706r20092008nyu b 001 0 eng d | ||
| 020 | _a9781594483493 (pbk.) | ||
| 022 | _a9780340979334 | ||
| 035 | _a(OCoLC)233549498 | ||
| 040 |
_aBTCTA _beng _erda _cBTCTA _dBAKER _dYDXCP _dLD4 _dCTB _dFIN |
||
| 082 | 0 | 4 |
_a239 _222 _bKEL |
| 090 |
_aBT1103 _b.K45 2009 |
||
| 100 | 1 |
_aKeller, Timothy, _d1950- _0http://id.loc.gov/authorities/names/n88265848 _915616 |
|
| 245 | 1 | 4 |
_aThe reason for God : _bbelief in an age of skepticism / _cTimothy Keller. |
| 264 | 1 |
_aLondon : _bHodder & Stoughton Ltd, _c2017. |
|
| 300 |
_axxvii, 292 pages ; _c21 cm |
||
| 336 |
_atext _btxt _2rdacontent |
||
| 337 |
_aunmediated _bn _2rdamedia |
||
| 338 |
_avolume _bnc _2rdacarrier |
||
| 505 | 0 | 0 |
_gThe _tleap of doubt -- _tThere can't be just one true religion -- _tHow could a good God allow suffering? -- _tChristianity is a strait jacket -- _gThe _tchurch is responsible for so much injustice -- _tHow can a loving God send people to hell? -- _tScience has disproved Christianity -- _tYou can't take the Bible literally -- _tIntermission -- _gThe _treasons for faith -- _gThe _tclues of God -- _gThe _tknowledge of God -- _gThe _tproblem of sin -- _tReligion and the Gospel -- _gThe _t(true) story of the cross -- _gThe _treality of the Resurrection -- _gThe _tdance of God -- _gEpilogue : where do we go from here? |
| 520 | _aAlthough a vocal minority continues to attack religious faith, for most Americans, faith is a large part of their lives: 86% of Americans refer to themselves as religious, and 75% of all Americans consider themselves Christians. So how should they respond to these passionate, learned, and persuasive books that promote science and secularism over religion and faith? For years, Tim Keller has compiled a list of the most frequently voiced "doubts" skeptics bring to his Manhattan church; here, he dismantles each of them. Written with atheists, agnostics, and skeptics in mind, Keller also provides an intelligent platform on which true believers can stand their ground when bombarded by the backlash. This book challenges such ideology at its core and points to the true path and purpose of Christianity.--From publisher description. | ||
| 650 | 0 |
_aApologetics. _0http://id.loc.gov/authorities/subjects/sh85006028 _985 |
|
| 776 | 0 | 8 |
_iOnline version: _aKeller, Timothy J., 1950- _tReason for God. _b1st Riverhead trade pbk. ed. _dNew York : Riverhead Books, 2009 _w(OCoLC)624648234 |
| 942 |
_2ddc _cBK _024 |
||